Duray kétszáznegyvenhétszer

Bibliographic Details
Main Author: Kocur, László, 1977- (Author)
Format: Article
Language:Hungarian
Subjects:

MARC

LEADER 00000nab a2200000 ar4500
001 vtls009003154
003 SK-MaSNL
005 20260318133125.0
008 070416c20070414xo |||||||| 000 b|hun
015 |a SNBRB2007/04  |2 snkbucl 
038 |a SNKBUCL 
040 |a DSZK  |b slo  |c DSZK  |e AACR2 
041 0 |a hun 
044 |a xo  |c SK 
080 |a 329.4  |x (437.6)  |x (=511.141)  |b SMK  |2 1997 
100 1 |a Kocur, László,  |d 1977-   |4 aut  |9 111402 
245 1 0 |a Duray kétszáznegyvenhétszer  |c Kocur László 
610 2 7 |a Strana maďarskej koalície - Magyar Koalíció Pártja  |2 snkbucl  |9 229268 
655 7 |a postrehy  |2 snkbucl  |9 637502 
773 0 |t Új szó  |g Évf. 60, sz. 86 (14.4.2007), o. 7 
852 |a SNK  |b KIS3GCP 
852 |a DSZK  |b KIS3GCP 
958 |a HU 
958 |a SK 
999 |c 2099439  |d 2101369